<?xml version="1.0" encoding="UTF-8"?><?xml-stylesheet type="text/xsl" href="static/style.xsl"?><OAI-PMH xmlns="http://www.openarchives.org/OAI/2.0/" xmlns:xsi="http://www.w3.org/2001/XMLSchema-instance" xsi:schemaLocation="http://www.openarchives.org/OAI/2.0/ http://www.openarchives.org/OAI/2.0/OAI-PMH.xsd"><responseDate>2026-04-17T11:35:19Z</responseDate><request verb="GetRecord" identifier="oai:www.recercat.cat:10230/52234" metadataPrefix="marc">https://recercat.cat/oai/request</request><GetRecord><record><header><identifier>oai:recercat.cat:10230/52234</identifier><datestamp>2025-12-20T20:25:02Z</datestamp><setSpec>com_2072_6</setSpec><setSpec>col_2072_452954</setSpec></header><metadata><record xmlns="http://www.loc.gov/MARC21/slim" xmlns:dcterms="http://purl.org/dc/terms/" xmlns:xsi="http://www.w3.org/2001/XMLSchema-instance" xmlns:doc="http://www.lyncode.com/xoai" xsi:schemaLocation="http://www.loc.gov/MARC21/slim http://www.loc.gov/standards/marcxml/schema/MARC21slim.xsd">
   <leader>00925njm 22002777a 4500</leader>
   <datafield ind2=" " ind1=" " tag="042">
      <subfield code="a">dc</subfield>
   </datafield>
   <datafield ind2=" " ind1=" " tag="720">
      <subfield code="a">Sánchez Manzano, Miriam</subfield>
      <subfield code="e">author</subfield>
   </datafield>
   <datafield ind2=" " ind1=" " tag="260">
      <subfield code="c">2022-01-14T18:11:51Z</subfield>
   </datafield>
   <datafield ind2=" " ind1=" " tag="260">
      <subfield code="c">2022-01-14T18:11:51Z</subfield>
   </datafield>
   <datafield ind2=" " ind1=" " tag="260">
      <subfield code="c">2021</subfield>
   </datafield>
   <datafield ind2=" " ind1=" " tag="520">
      <subfield code="a">Tutor: Alan Salvadó Romero</subfield>
   </datafield>
   <datafield ind2=" " ind1=" " tag="520">
      <subfield code="a">Treball de fi de Máster en Estudis de Cinema y Audiovisual Contemporanis</subfield>
   </datafield>
   <datafield ind2=" " ind1=" " tag="520">
      <subfield code="a">La menstruación es una realidad, un hecho tangible, que se puede&#xd;
ver, tocar y sentir; un fluido producido por el cuerpo. Pero a pesar de su&#xd;
materialidad, pocas son las imágenes que tenemos de ella. Este trabajo tiene la&#xd;
voluntad de recuperar su imagen en la ficción audiovisual, poniendo en diálogo&#xd;
aquellas películas y series de televisión que acercan de forma explícita la&#xd;
sangre menstrual a un primer plano. Mediante un análisis iconográfico se dota&#xd;
a la sangre menstrual de un valor estético, transgrediendo su condición abyecta&#xd;
para articular un escenario figurativo en el que el cuerpo femenino se desgarra&#xd;
y se desborda como resistencia. Una resistencia que pone en cuestionamiento&#xd;
la diferencia sexual y los códigos patriarcales asentados en la historia de&#xd;
nuestras imágenes.</subfield>
   </datafield>
   <datafield ind2=" " ind1=" " tag="520">
      <subfield code="a">Menstruation is a reality, a tangible fact, that can be seen, touched&#xd;
and felt; a fluid produced by the body. But despite its materiality, few are the&#xd;
images we have of it. This research aims to recover its image in audiovisual&#xd;
fiction, putting into dialogue those films and television series that explicitly bring&#xd;
menstrual blood on-screen. Through an iconographic analysis, menstrual blood&#xd;
is endowed with an aesthetic value, transgressing its abject condition to&#xd;
articulate a figurative imaginary in which the female body tears and overflows as&#xd;
resistance. A resistance that puts into question the sexual difference and the&#xd;
patriarchal codes established in the history of our images.</subfield>
   </datafield>
   <datafield ind2="0" ind1="0" tag="245">
      <subfield code="a">Iconografía de la sangre menstrual en la ficción audiovisual</subfield>
   </datafield>
</record></metadata></record></GetRecord></OAI-PMH>